000 00835cab a2200169 4500
001 L129684
008 050511n2005 000 0 eng u
035 _a(Sirsi) u129684
041 _aeng
245 _aFashion trends squeezes out-of-towners
260 _c2005
490 _aEstates Gazette
_v(0517) 30 April 2005, 34(1)
520 _aResearch from retail analyst Verdict shows that the UK average out-of-town retail rent rose 7% to £23 per sq ft, the highest rate for four years. Verdict forecasts that the trend will continue as clothing retailers fight for space and that spending at traditional high street retailers in out-of-town locations will increase by 50% to £12bn over the next four years.
590 _aIKA190505
690 _aPROPERTY-COMMERCIAL PROPERTY-RETAIL PROPERTY-OUT OF TOWN RETAIL PROPERTY
942 _n0
999 _c75213
_d75213